Albareda fué así (Record no. 42317)

MARC details
000 -LEADER
campo de control de longitud fija 00751nam a2200205 i 4500
001 - NÚMERO DE CONTROL
campo de control 42317
003 - IDENTIFICADOR DE NÚMERO DE CONTROL
campo de control ES-MaACL
005 - FECHA Y HORA DE LA ÚLTIMA TRANSACCIÓN
campo de control 20251001143817.0
007 - CAMPO FIJO DE DESCRIPCIÓN FÍSICA--INFORMACIÓN GENERAL
campo de control de longitud fija t|
008 - DATOS DE LONGITUD FIJA--INFORMACIÓN GENERAL
campo de control de longitud fija 030313s1971 sp ||||1| spa d
100 1# - ENTRADA PRINCIPAL--NOMBRE DE PERSONA
Nombre de persona Castillo Genzor, Adolfo.
9 (RLIN) 36746
245 10 - MENCIÓN DEL TÍTULO
Título Albareda fué así
Resto del título : semilla y surco /
Mención de responsabilidad, etc. Adolfo Castillo Genzor y Mariano Tomeo Lacrue.
260 ## - PUBLICACIÓN, DISTRIBUCIÓN, ETC.
Lugar de publicación, distribución, etc. Madrid :
Nombre del editor, distribuidor, etc. Consejo Superior de Investigaciones Científicas,
Fecha de publicación, distribución, etc. 1971.
300 ## - DESCRIPCIÓN FÍSICA
Extensión XV, 358 p., 37 lám. ;
Dimensiones 25 cm.
600 17 - PUNTO DE ACCESO ADICIONAL DE MATERIA--NOMBRE DE PERSONA
Nombre de persona Albareda Herrera, José María,
Fechas asociadas al nombre 1902-1966
Fuente del encabezamiento o término
9 (RLIN) 157514
700 1# - ENTRADA AGREGADA--NOMBRE PERSONAL
Nombre de persona Tomeo Lacrue, Mariano.
9 (RLIN) 110551
710 2# - ENTRADA AGREGADA--NOMBRE DE ENTIDAD CORPORATIVA
Nombre de entidad corporativa o nombre de jurisdicción como elemento de entrada Consejo Superior de Investigaciones Científicas (España)
9 (RLIN) 3236
852 ## - LOCALIZACIÓN
Ubicación ES-MaACL
Número de control de estantería C-40957
Sublocalización o colección R.80880
Holdings
Estatus retirado Estado de pérdida Estado de daño No para préstamo Biblioteca de origen Biblioteca actual Ubicación en estantería Fecha de adquisición Fuente de adquisición Total de préstamos Signatura topográfica completa Código de barras Visto por última vez Precio de reemplazo Tipo de ítem Koha
        Biblioteca del Ateneo de Madrid Biblioteca del Ateneo de Madrid Depósito 2 17/01/2008     C-40957 1044533 23/02/2023 23/02/2023 Libro impreso